000 00873nam a2200277Ia 4500
003 GCL
008 140319s9999 xx 000 0 ara d
040 _aGCL /
_cGCL
082 0 4 _a808.51
_bك ت
100 1 _aكارنيجى، ديل
245 1 0 _aالتاثير فى الجماهير عن طريق الخطابة /
_cكارنيجى، ديل
700 1 _aابراهيم جمعة
700 1 _aرمزى يسى
700 1 _aعزت فهيم صالح
250 _aالاولى
260 _aالقاهرة :
_bدار الفكر العربى
300 _a205 ص ؛
_c24 سم
650 0 4 _aعلم النفس
650 0 4 _aالخطابة
650 0 4 _aالعلاقات الانسانية
650 0 4 _aالبلاغة
650 0 4 _aالخطب
650 0 4 _aعلم النفس التجريبى
650 0 4 _aعلم النفس الجماعى
942 _2ddc
_cBK
999 _c5032
_d5032